| 000 | 01061cam a22001935a 4500 | ||
|---|---|---|---|
| 001 | 121393 | ||
| 008 | 230313s2023 xxk fo 001 0 eng d | ||
| 041 | 0 | _aeng | |
| 110 | 2 | _aRoyal Institution of Chartered Surveyors | |
| 245 | 0 | 0 |
_aRegulations _bas approved by Governing Council _h[old edition] |
| 260 |
_aLondon, _bRICS, _cJanuary 2023 |
||
| 300 | _a86p | ||
| 490 | _aRICS Regulation | ||
| 520 | _aDefines classes of membership, eligibility, procedure for admission, the register of members, obligations of membership, use of designations, fees, conduct, Governing Council and staff, transitional regulations, boards and committees, management board, procedure of General meetings, accounts, procedure for making regulations, engagement with members, diversity | ||
| 520 | _aSuperseded by June 2024 Regulations | ||
| 651 | 4 | _aInternational | |
| 856 | 4 | 1 |
_uhttps://www.rics.org/profession-standards/knowledge-and-information-services/document-delivery-and-other-kis-fees _zemail [email protected] to request a copy of this archived item |
| 942 | _n0 | ||
| 999 |
_c121393 _d121393 |
||